| 000 | 00618nam a2200169Ia 4500 | ||
|---|---|---|---|
| 008 | 140529s9999 xx 000 0 und d | ||
| 020 | _a9780521699426 | ||
| 050 |
_aJZ 4850 _b.C73 2007 |
||
| 245 |
_aCrafting cooperation : _bregional international institutions in comparative perspective / _cedited by Amitav Acharya and Alastair Iain Johnston |
||
| 260 |
_aCambridge ; New York : _bCambridge University Press, _cc2007. |
||
| 300 |
_a318 p. ; _c23 cm. |
||
| 500 | _aIncludes bibliographical references and index. | ||
| 521 | _aGE | ||
| 650 | _aIntergovernmental cooperation. | ||
| 942 |
_kFOR _cBK |
||
| 999 |
_c117673 _d117673 |
||